000 00678nam a2200193 i 4500
001 20171
003 ES-MaACL
005 20230906152241.0
007 t|
008 021107s1916 sp |||| | spa d
100 1 _aAguado Bleye, Pedro,
_d1884-1954
_918617
245 1 0 _aSanta María de Salas en el siglo XIII
_b: estudio sobre las Cántigas de Alfonso X El Sabio /
_ctesis doctoral por Pedro Aguado Bleye.
260 _aBilbao :
_b[s.n.],
_c1916 (
_fGarmendia y C.)
300 _a98 p. ;
_c26 cm.
610 2 4 _aSantuario de Santa María de Salas.
_9156861
651 4 _aHuesca-
_xHistoria eclesiástica.
_9156862
852 _aES-MaACL
_jF-4369
999 _c20171
_d20171